<?xml version="1.0" encoding="UTF-8"?>
<marc:record xmlns:marc="http://www.loc.gov/MARC21/slim">
   <marc:leader>00000nam a2200000 a 4500</marc:leader>
   <marc:datafield ind1="1" ind2=" " tag="100">
      <marc:subfield code="a">Eiletz-Kaube, Daniela</marc:subfield>
      <marc:subfield code="4">aut</marc:subfield>
      <marc:subfield code="e">Verfasser/-in</marc:subfield>
   </marc:datafield>
   <marc:datafield ind1=" " ind2=" " tag="653">
      <marc:subfield code="a">Burgruine Gösting</marc:subfield>
   </marc:datafield>
   <marc:datafield ind1=" " ind2=" " tag="653">
      <marc:subfield code="a">Cityguide Graz</marc:subfield>
   </marc:datafield>
   <marc:datafield ind1=" " ind2=" " tag="653">
      <marc:subfield code="a">Grazer Burg</marc:subfield>
   </marc:datafield>
   <marc:datafield ind1=" " ind2=" " tag="653">
      <marc:subfield code="a">Kompaktreiseführer Graz</marc:subfield>
   </marc:datafield>
   <marc:datafield ind1=" " ind2=" " tag="653">
      <marc:subfield code="a">Murinsel Graz</marc:subfield>
   </marc:datafield>
   <marc:datafield ind1=" " ind2=" " tag="653">
      <marc:subfield code="a">Schloss Eggenberg Graz</marc:subfield>
   </marc:datafield>
   <marc:datafield ind1=" " ind2=" " tag="653">
      <marc:subfield code="a">Sporgasse Graz</marc:subfield>
   </marc:datafield>
   <marc:datafield ind1=" " ind2=" " tag="653">
      <marc:subfield code="a">Stadtführer Graz</marc:subfield>
   </marc:datafield>
   <marc:datafield ind1=" " ind2=" " tag="653">
      <marc:subfield code="a">Stadtplan Graz</marc:subfield>
   </marc:datafield>
   <marc:datafield ind1=" " ind2=" " tag="653">
      <marc:subfield code="a">Uhrturm Graz</marc:subfield>
   </marc:datafield>
   <marc:datafield ind1=" " ind2=" " tag="653">
      <marc:subfield code="a">arnold schwarzenegger</marc:subfield>
   </marc:datafield>
   <marc:datafield ind1=" " ind2=" " tag="653">
      <marc:subfield code="a">bester reiseführer graz</marc:subfield>
   </marc:datafield>
   <marc:datafield ind1=" " ind2=" " tag="653">
      <marc:subfield code="a">empfehlung reiseführer graz</marc:subfield>
   </marc:datafield>
   <marc:datafield ind1=" " ind2=" " tag="653">
      <marc:subfield code="a">marco polo reiseführer graz</marc:subfield>
   </marc:datafield>
   <marc:datafield ind1=" " ind2=" " tag="653">
      <marc:subfield code="a">welcher reiseführer graz</marc:subfield>
   </marc:datafield>
   <marc:datafield ind1=" " ind2=" " tag="653">
      <marc:subfield code="a">wohin in graz</marc:subfield>
   </marc:datafield>
   <marc:datafield ind1=" " ind2=" " tag="653">
      <marc:subfield code="a">Softcover / Reisen/Reiseführer/Europa</marc:subfield>
   </marc:datafield>
   <marc:datafield ind1=" " ind2=" " tag="653">
      <marc:subfield code="a">empfehlung reiseführer graz;marco polo reiseführer graz;welcher reiseführer graz;wohin in graz;Schlossberg;Kunsthaus Graz;Schloss Eggenzeughaus;Grazer Uhrturm;Grazer Murinsel;Universalmuseum Joanneum;Hauptplatz;Basilika Mariatrost;Grazer Dom;Altstadt von </marc:subfield>
   </marc:datafield>
   <marc:datafield ind1="0" ind2="0" tag="245">
      <marc:subfield code="a">Graz</marc:subfield>
   </marc:datafield>
   <marc:datafield ind1="0" ind2="0" tag="245">
      <marc:subfield code="c">Daniela Eiletz-Kaube</marc:subfield>
   </marc:datafield>
   <marc:datafield ind1=" " ind2="1" tag="264">
      <marc:subfield code="a">Ostfildern</marc:subfield>
      <marc:subfield code="b">DuMont Reiseverlag</marc:subfield>
      <marc:subfield code="c">2022</marc:subfield>
   </marc:datafield>
   <marc:datafield ind1="1" ind2=" " tag="490">
      <marc:subfield code="a">DuMont Direkt</marc:subfield>
   </marc:datafield>
   <marc:datafield ind1=" " ind2=" " tag="250">
      <marc:subfield code="a">2. aktualisierte Auflage</marc:subfield>
   </marc:datafield>
   <marc:datafield ind1="1" ind2=" " tag="520">
      <marc:subfield code="a">Angaben aus der Verlagsmeldung

DuMont direkt Reiseführer Graz : Mit großem Cityplan / von Daniela Eiletz-Kaube

Im sonnenverwöhnten Graz bekommen Avantgardefestivals wie Steirischer Herbst und Styriarte nicht weniger Applaus als das Aufsteirern, das größte Trachtenspektakel Österreichs, hier treffen sich mediterranes Lebensgefühl, Genussfreudigkeit und sympathischer Schlendrian. Mit den 15 »Direkt-Kapiteln« des Reiseführers von Daniela Eiletz-Kaube können Sie sich zwanglos unter die Grazer mischen, direkt in das Stadtleben eintauchen und die Highlights und Hotspots kennenlernen: Schlossberg und Burgruine Gösting, die mittelalterliche Altstadt und die spektakuläre Blaue Blase, Herrengasse und Sporgasse, das Szeneviertel Lend und das lebhafte Univiertel, Genießerpausen im Kaffeehaus, Beisl oder Buschenschank. In eigenen Kapiteln erfahren Sie, wo es sich in fremden Betten gut schläft, wo Sie glücklich satt werden, wohin die Grazer zum Stöbern und Entdecken gehen und wohin es sie zieht, wenn die Nacht beginnt.
Mit den Übersichtskarten, genauen Stadtteilplänen und dem separaten großen Cityplan können Sie sich nach Lust und Laune durch Graz treiben lassen.
</marc:subfield>
   </marc:datafield>
   <marc:datafield ind1=" " ind2=" " tag="020">
      <marc:subfield code="a">9783616011059</marc:subfield>
      <marc:subfield code="9">9783616011059</marc:subfield>
   </marc:datafield>
   <marc:datafield ind1=" " ind2=" " tag="020">
      <marc:subfield code="a">3616011051</marc:subfield>
      <marc:subfield code="9">3616011051</marc:subfield>
   </marc:datafield>
   <marc:datafield ind1=" " ind2=" " tag="041">
      <marc:subfield code="a">ger</marc:subfield>
   </marc:datafield>
   <marc:datafield ind1=" " ind2=" " tag="300">
      <marc:subfield code="a">120 Seiten</marc:subfield>
   </marc:datafield>
</marc:record>
